List of Canadian Provinces that dont require front license plates - Statistics

General Stats
  • This quiz has been taken 10 times
  • The average score is 9 of 10
Answer Stats
Answer % Correct
Newfoundland And Labrador
100%
Quebec
100%
Alberta
89%
New Brunswick
89%
Nova Scotia
89%
Nunavut
89%
Prince Edward Island
89%
Saskatchewan
89%
Yukon
89%
Northwest Territories
78%
No matching quizzes found
Score Distribution
Percent of People with Each Score
Percentile by Number Answered
Your Score History
You have not taken this quiz